00558pam a2200181 a 4500008004100000020002200041245008100063250001200144260003600156300002600192504002000218650003500238650005700273700001900330003000100349005001700350040000900367  a0406957614 (pbk.)00aButterworths commercial and consumer law handbook /cedited by Gwyneth Pitt. a4th ed. aLondon :bReed Elsevier,c2003. axv, 1634 p. ;c25 cm. aIncludes index. 0aCommercial lawzGreat Britain. 0aConsumer creditxLaw and legislationzGreat Britain.1 aPitt, Gwyneth.20230123125416.0 cNUST